Forgotten Transfers #2 - Statistics

General Stats
  • This quiz has been taken 175 times
  • The average score is 10 of 15
Answer Stats
Year Player From To Fee % Correct
2013 David Beckham Los Angeles Galaxy Paris Saint-Germain Free Transfer
99%
2008 Gerard Piqué Barcelona U19 Manchester United €5.25m
94%
2001 Zinedine Zidane Juventus Real Madrid €77.50m
92%
1987 Marco van Basten Ajax AC Milan €1.13m
90%
2012 Park Ji Sung Manchester United Queens Park Rangers €3.10m
85%
2003 Hernán Crespo Inter Milan Chelsea €26.00m
84%
1996 Ronaldo PSV Eindhoven Barcelona €15.00m
82%
2001 Frank Lampard West Ham United Chelsea €16.00m
70%
1998 Edgar Davids AC Milan Juventus €8.00m
68%
2002 Alessandro Nesta Lazio AC Milan €31.00m
62%
1997 Gianfranco Zola Parma Calcio Chelsea €6.20m
57%
2007 Gonzalo Higuaín River Plate Real Madrid €12.00m
52%
1993 Roy Keane Nottingham Forest Manchester United €8.50m
44%
2001 Ronaldinho Grêmio Paris Saint-Germain €5.00m
39%
1995 Javier Zanetti Banfield Inter Milan €6.50m
15%
No matching quizzes found
Score Distribution
Percent of People with Each Score
Percentile by Number Answered
Your Score History
You have not taken this quiz